[Event "Leverkusen-ch op"]
[Site "Leverkusen"]
[Date "2010.04.26"]
[Round "7"]
[White "Hummelsheim, Hans"]
[Black "Seelig, Jochen"]
[Result "0-1"]
[WhiteElo "1152"]
[BlackElo "1426"]
[PlyCount "98"]
[EventDate "2010.01.18"]
[EventType "swiss"]
[EventRounds "7"]
[EventCountry "GER"]
[SourceTitle "EXT 2011"]
[Source "ChessBase"]
[SourceDate "2010.11.26"]
[SourceVersion "1"]
[SourceVersionDate "2010.11.26"]
[SourceQuality "1"]

1. d4 b6 2. c4 e6 3. a3 Bb7 4. Nc3 Nf6 5. Bg5 Be7 6. Qc2 d5 7. b3 Nbd7 8. Nf3 h6 9. Bf4 c5 10. Nb5 Rc8 11. Nxa7 Ra8 12. Nb5 Rc8 13. e3 dxc4 14. Be2 cxb3 15. Qxb3 Nh5 16. Be5 0-0 17. g4 Nxe5 18. dxe5 Bd5 19. Qd3 c4 20. Qd4 Bc5 21. Qc3 Qd7 22. a4 Qb7 23. 0-0 Bxf3 24. Bxf3 Qxf3 25. gxh5 Qxh5 26. Rad1 Rcd8 27. Nd6 Bxd6 28. exd6 Qc5 29. Rd4 Rxd6 30. Rxd6 Qxd6 31. Qxc4 Qc5 32. Qh4 Qg5+ 33. Qg3 Qxg3+ 34. hxg3 Ra8 35. Rb1 Rxa4 36. Rxb6 Ra1+ 37. Kg2 Kh7 38. g4 Ra2 39. Rb5 Kg6 40. Kg3 f5 41. f4 Ra3 42. gxf5+ exf5 43. Kf3 h5 44. Rb6+ Kh7 45. Re6 Ra2 46. Kg3 g6 47. Kh4 Kh6 48. e4 Ra4 49. exf5 Rxf4+ 0-1

[Event "Leverkusen-ch op"]
[Site "Leverkusen"]
[Date "2010.04.12"]
[Round "6"]
[White "Van Hove, Ode"]
[Black "Hummelsheim, Hans"]
[Result "1-0"]
[WhiteElo "1310"]
[BlackElo "1152"]
[PlyCount "77"]
[EventDate "2010.01.18"]
[EventType "swiss"]
[EventRounds "7"]
[EventCountry "GER"]
[SourceTitle "EXT 2011"]
[Source "ChessBase"]
[SourceDate "2010.11.26"]
[SourceVersion "1"]
[SourceVersionDate "2010.11.26"]
[SourceQuality "1"]

1. e4 e5 2. Nf3 d6 3. d4 Bg4 4. dxe5 Bxf3 5. Qxf3 dxe5 6. Bc4 f6 7. Qb3 Qd7 8. Bxg8 b6 9. Be6 Qe7 10. Bc8 c6 11. 0-0 Qd8 12. Bh3 Na6 13. Qe6+ Be7 14. Qxc6+ Kf8 15. Nc3 Nc7 16. Rd1 Qb8 17. Nd5 Qd8 18. Be3 Rc8 19. Bxc8 Qxc8 20. Nxe7 Kxe7 21. Rd3 Rd8 22. Rad1 Ne6 23. Qxc8 Rxc8 24. c3 Rc7 25. b3 g5 26. Bc1 Ke8 27. Rd6 Kf7 28. Rd7+ Kg6 29. Rxc7 Nxc7 30. Rd7 Nb5 31. c4 Nc3 32. Ba3 Nxe4 33. Rxa7 Nc3 34. Ra6 Nxa2 35. Rxb6 Nc3 36. c5 Nd5 37. Rb7 h5 38. c6 f5 39. c7 1-0

[Event "Leverkusen-ch op"]
[Site "Leverkusen"]
[Date "2009.03.02"]
[Round "5"]
[White "Hingst, Dieter Max Otto"]
[Black "Hummelsheim, Hans"]
[Result "0-1"]
[WhiteElo "1005"]
[BlackElo "1013"]
[PlyCount "62"]
[EventDate "2009.01.12"]
[EventType "swiss"]
[EventRounds "7"]
[EventCountry "GER"]
[SourceTitle "EXT 2010"]
[Source "ChessBase"]
[SourceDate "2010.11.25"]
[SourceVersion "1"]
[SourceVersionDate "2010.11.25"]
[SourceQuality "1"]

1. e4 e5 2. Nf3 d6 3. Nc3 c6 4. d3 h6 5. d4 Nd7 6. d5 Ndf6 7. dxc6 bxc6 8. h3 Qa5 9. Bd2 Qb6 10. Qb1 Ne7 11. b4 Ng6 12. g3 d5 13. Na4 Qb7 14. b5 Rb8 15. Nc3 d4 16. bxc6 Qxb1+ 17. Rxb1 Rxb1+ 18. Nxb1 a6 19. Ba5 Nxe4 20. Bd3 Ng5 21. Nh4 Nxh4 22. gxh4 Nf3+ 23. Ke2 Nxh4 24. Na3 Bxa3 25. Rb1 0-0 26. Rb3 Bd6 27. Bb4 Bxb4 28. Rxb4 Nf5 29. Ra4 Ne7 30. c7 Nd5 31. Bxa6 Nc3+ 0-1

[Event "Leverkusen-ch op"]
[Site "Leverkusen"]
[Date "2009.01.26"]
[Round "2"]
[White "Guelden, Ralf"]
[Black "Hummelsheim, Hans"]
[Result "1-0"]
[WhiteElo "1636"]
[BlackElo "1013"]
[PlyCount "89"]
[EventDate "2009.01.12"]
[EventType "swiss"]
[EventRounds "7"]
[EventCountry "GER"]
[SourceTitle "EXT 2010"]
[Source "ChessBase"]
[SourceDate "2010.11.25"]
[SourceVersion "1"]
[SourceVersionDate "2010.11.25"]
[SourceQuality "1"]

1. d4 d5 2. c4 e6 3. Nc3 a6 4. cxd5 exd5 5. Nf3 h6 6. e3 Bb4 7. Be2 Bxc3+ 8. bxc3 Nf6 9. Ba3 Nbd7 10. 0-0 Ne4 11. Rc1 b6 12. c4 Bb7 13. cxd5 Bxd5 14. Bc4 c6 15. Bxd5 cxd5 16. Qc2 b5 17. Qc6 Nef6 18. Ne5 Rb8 19. Nxd7 Qxd7 20. Bd6 Qxc6 21. Rxc6 Rd8 22. Rxa6 Kd7 23. Bc5 Ra8 24. Rxa8 Rxa8 25. a3 Ne4 26. Bb4 Rc8 27. f3 Nd6 28. Bxd6 Kxd6 29. Rb1 Rb8 30. Kf2 Kc6 31. a4 b4 32. Ke2 b3 33. Kd2 Rb4 34. Kc3 Rb6 35. Rxb3 Rxb3+ 36. Kxb3 f5 37. Kb4 g5 38. a5 h5 39. a6 Kb6 40. a7 Kxa7 41. Kc5 Kb7 42. Kxd5 Kc7 43. Ke5 f4 44. exf4 gxf4 45. Kxf4 1-0